| 000 | 01343nam1a22002531i 4500 | ||
|---|---|---|---|
| 001 | rc\4590070 | ||
| 005 | 20260407145235.0 | ||
| 021 |
_aRU _bРг3800-64 |
||
| 035 | _a(NLR Aleph) 008383553 | ||
| 090 |
_a9132841 _c9132841 |
||
| 100 | _a20130416d1964 |||y0rusy50 ca | ||
| 101 | 0 | _arus | |
| 102 | _aRU | ||
| 105 | _ay z ||||| | ||
| 200 | 1 |
_aМетодика составления норм времени и расценок на работы по ремонту пути _e(Метод. пособие для дипломного и курсового проектирования студентов строит. специальности) _f[Сост. препод. к. э. н. З.И. Потапенко и Э.З. Живова]. Ч. 1- _gБелорус. ин-т инженеров ж.-д. транспорта. Кафедры: "Путь и путевое хозяйство", "Экономика транспорта" |
|
| 210 |
_aГомель _cБ. и. _d1964 |
||
| 215 | _d20 | ||
| 702 | 1 |
_aЖивова _bЭ.З. _4220 |
|
| 702 | 1 |
_aПотапенко _bЗ.И. _4220 |
|
| 712 | 0 | 2 |
_aБелорусский институт инженеров железнодорожного транспорта _cГомель _3RU\NLR\AUTH\8810020937 _9539868 |
| 801 | 0 |
_aRU _bNLR _gpsbo |
|
| 801 | 1 |
_aRU _bELAR _2rusmarc |
|
| 852 |
_aNLR _j64-4/4515 |
||
| 942 | _cBOOK | ||